| 000 | 01269cam a2200313 a 4500 | ||
|---|---|---|---|
| 001 | 15512244 | ||
| 005 | 20090821163044.0 | ||
| 008 | 081105s2010 maua | 001 0 eng | ||
| 010 | _a 2008048651 | ||
| 020 | _a9780763754600 (pbk.) | ||
| 020 | _a0763754609 (pbk.) | ||
| 035 | _a(OCoLC)ocn262430833 | ||
| 040 |
_aDLC _cDLC _dBTCTA _dYDXCP _dC#P _dBWX _dCDX _dDLC |
||
| 050 | 0 | 0 |
_aQA76.73.J38 _bB62 2010 |
| 082 | 0 | 0 |
_a006.76 _222 _bBOE |
| 100 | 1 |
_aBoese, Elizabeth Sugar. _913072 |
|
| 245 | 1 | 3 |
_aAn introduction to programming with Java Applets / _cElizabeth Sugar Boese. |
| 250 | _a3rd ed. | ||
| 260 |
_aSudbury, Mass. : _bJones and Bartlett Publishers, _cc2010. |
||
| 300 |
_axvi, 428 p. : _bill. ; _c24 cm. |
||
| 500 | _aIncludes indexes. | ||
| 500 | _aDonations. | ||
| 500 | _aDonated By: Dr.Khaled Nagaty. | ||
| 650 | 0 |
_aJava (Computer program language) _913073 |
|
| 650 | 0 |
_aWeb site development. _913074 |
|
| 942 |
_2ddc _cBB |
||
| 999 |
_c13768 _d13768 |
||